Poder político y clases sociales en el estado capitalista

Salvato in:
Dettagli Bibliografici
Autore principale: Poulantzas, Nicos
Natura: testo
Pubblicazione: México D.F.: Siglo Veintiuno
Edizione:19
Tags: Aggiungi Tag
Nessun Tag, puoi essere il primo ad aggiungerne!!

MARC

LEADER 00000 a a2200000 04500
001 24476
003
040
020 |a 968-23-0327-3  
090 |a 167500  
100 |a Poulantzas, Nicos  
245 |a Poder político y clases sociales en el estado capitalista  
250 |a 19  
260 |a México D.F.:   |b Siglo Veintiuno  
300 |a 471 p.  
999 |c 426  |d 426